| 000 | 01212nam a2200301 a 4500 | ||
|---|---|---|---|
| 003 | BLK | ||
| 005 | 20250704181849.0 | ||
| 008 | 181210b bu a|||br|||| 00| 0 bu d | ||
| 020 | _a9786197455014 | ||
| 040 | _aBLK | ||
| 041 |
_aBUL _cBUL |
||
| 080 |
_aАнглийска литература _b821.111 _x-93-34 _z821.111-93-34 |
||
| 100 |
_aГоф, Джулиан _91299 |
||
| 240 | _aRabbit & Bear, the pest in the nest. български език | ||
| 245 |
_aЗаек и мечка: Вредител в нашата обител _cДжулиан Гоф; ил. Джим Фийлд; прев. Петя Гуламали. |
||
| 260 |
_9391444 _aСофия _bТаймлайнс стор _c2018 _fКитай _g2018 |
||
| 300 |
_a104 с. _bс цв. ил. _c19 см |
||
| 380 | _aDX | ||
| 500 | _aОриг. загл.: Rabbit & Bear, the pest in the nest / Julian Gough | ||
| 700 |
_9599 _aФийлд, Джим _eил. |
||
| 700 |
_9966 _aГуламали, Петя _eпрев. |
||
| 852 |
_aЦб 292266 _bЦб |
||
| 942 |
_cKNG _n0 _038 |
||
| 944 |
_aCR _c2018-12-10 _k30537 _lГрета Цуфелде |
||
| 999 |
_c327433 _d327433 |
||
| 999 | _d327433 | ||
| 999 | _d327433 | ||